Практикум по общей и неорганической химии: учебное пособие

Bibliografske podrobnosti
Drugi avtorji: Карапетьянц М. Х. (редактор), Дракин С. И.
Jezik:ruščina
Izdano: Москва, Высшая школа, 1964
Teme:
Format: Knjiga
KOHA link:https://koha.lib.tpu.ru/cgi-bin/koha/opac-detail.pl?biblionumber=262034

MARC

LEADER 00000nam0a2200000 4500
001 262034
005 20231101233621.0
035 |a (RuTPU)RU\TPU\book\285016 
035 |a RU\TPU\book\46548 
090 |a 262034 
100 |a 20140529d1964 m y0rusy50 ca 
101 0 |a rus 
102 |a RU 
105 |a a j 000zy 
200 1 |a Практикум по общей и неорганической химии  |e учебное пособие  |f под ред. М. Х. Карапетьянца и С. И. Дракина 
210 |a Москва  |c Высшая школа  |d 1964 
215 |a 269 с.  |c ил. 
606 1 |a Химия общая  |2 stltpush  |3 (RuTPU)RU\TPU\subj\67862  |9 83510 
606 1 |a Неорганическая химия  |2 stltpush  |3 (RuTPU)RU\TPU\subj\67586  |9 83311 
610 1 |a лабораторные работы 
610 1 |a лабораторные практикумы 
610 1 |a учебные пособия 
675 |a 54(076.5)  |v 3 
675 |a 546(076.5)  |v 3 
702 1 |a Карапетьянц  |b М. Х.  |4 340 
702 1 |a Дракин  |b С. И.  |4 340 
801 1 |a RU  |b 63413507  |c 20021126  |g PSBO 
801 2 |a RU  |b 63413507  |c 20140606  |g PSBO 
942 |c BK